| 000 | 01271 a2200181 4500 | ||
|---|---|---|---|
| 003 | NUST | ||
| 005 | 20230127122705.0 | ||
| 040 | _cNust | ||
| 082 | _a904.429,MOR | ||
| 100 |
_aMorton, H.V _9107897 |
||
| 245 |
_aIn Search of Wales / _cH.v.Morton |
||
| 250 | _a8th ed. | ||
| 260 |
_aLondon _bMethuen and Co _c1936 |
||
| 300 | _a272:p. | ||
| 505 | _aI go in Search of Wales find my way to the Border Marches (Page-1), In Which I go to Llangollen hear about the old ladies (Page-18), How I leave Llangollen come to Owen Glendower’s land travel up the lovely (Page-34), I Visit the Cathedral of St. Asaph and the Castle of rhuddlan (Page-52), Tells how I went to Bangor admired a University heard a Pagan dance on the harp. (Page-76), I Explore the Green Isle of Anglesey see the birthplace of owen tudor (Page-90), In Which I vist st. Beuno’s church (Page-111), In which I fail to Climb snowdon in a train but succeed on my feet (Page-135), I go to Bala remember famous Welshmen hear the story of king Arthur.. (Page-162), Welsh rain all the way to Cardigan (Page-194), In which I enter Black Wales at Llanelly (Page-218), I admire Cardiff Travel through the gloomy Rhondda Valley (Page-235). | ||
| 650 |
_aSearch of Wales _9107898 |
||
| 942 |
_2ddc _cBK _k904.429,MOR |
||
| 999 |
_c186172 _d186172 |
||